[Event "Tromsøsjakken NGP 2024"]
[Site "Sparebanken Nordnorge i Igloen"]
[Date "2024.09.01"]
[Round "4"]
[White "Gulljord, Birk"]
[Black "Valvåg, Torbjørn"]
[Result "0-1"]
[WhiteElo "1844"]
[BlackElo "2138"]
[PlyCount "54"]
[EventDate "2024.??.??"]

1. d4 d5 2. c4 c6 3. Nf3 Nf6 4. Qc2 dxc4 5. Qxc4 Bf5 6. g3 e6 7. Bg2 Be7 8. O-O
O-O 9. Nc3 Nbd7 10. e3 b5 11. Qe2 b4 12. Na4 Qa5 13. b3 Qb5 14. Qb2 Rac8 15.
Rd1 Be4 16. Qd2 Rfd8 17. Bb2 Qd5 18. Qe2 Qh5 19. Rac1 Bf5 20. Qa6 Bg4 21. Rxc6
Rxc6 22. Qxc6 Nd5 23. Nc5 Nxc5 24. dxc5 Bxf3 25. Bxf3 Qxf3 26. Rd4 Bf6 27. Rxb4
Qd1+ 0-1

[Event "Tromsøsjakken NGP 2024"]
[Site "Sparebanken Nordnorge i Igloen"]
[Date "2024.09.01"]
[Round "4"]
[White "Tørfoss, Sivert S."]
[Black "Rostad, Birk S."]
[Result "1-0"]
[WhiteElo "2120"]
[BlackElo "1950"]
[PlyCount "73"]
[EventDate "2024.??.??"]

1. d4 d5 2. Nf3 Nf6 3. g3 Bf5 4. Bg2 e6 5. c4 h6 6. Nc3 c6 7. Qb3 Qb6 8. c5
Qxb3 9. axb3 Nbd7 10. b4 Be7 11. b5 O-O 12. bxc6 bxc6 13. h4 Rfb8 14. Ra6 Rc8
15. O-O e5 16. dxe5 Ne4 17. Nd4 Nxc3 18. bxc3 Be6 19. Nxc6 Bxc5 20. Be3 Rc7 21.
Nd4 Bb6 22. Rfa1 Rxc3 23. Nxe6 Bxe3 24. Bxd5 Re8 25. fxe3 Nb6 26. Nf4 Rxe5 27.
Rxb6 axb6 28. Ra8+ Kh7 29. Bxf7 g5 30. Bg6+ Kg7 31. Ra7+ Kf8 32. Rf7+ Kg8 33.
Nh5 Rc6 34. Nf6+ Rxf6 35. Rxf6 Rxe3 36. Kf2 Rb3 37. Bf7+ 1-0

[Event "Tromsøsjakken NGP 2024"]
[Site "Sparebanken Nordnorge i Igloen"]
[Date "2024.09.01"]
[Round "4"]
[White "Mikalsen, Bengt A."]
[Black "Hammari, Vinjar"]
[Result "0-1"]
[WhiteElo "1822"]
[BlackElo "2119"]
[PlyCount "43"]
[EventDate "2024.??.??"]

1. d4 d5 2. c4 dxc4 3. e3 e5 4. Bxc4 Nc6 5. Qf3 Nf6 6. Bb5 Bd7 7. dxe5 Nb4 8.
Bxd7+ Nxd7 9. Na3 c6 10. e6 fxe6 11. Bd2 Nd3+ 12. Ke2 Nxb2 13. Nc2 Qb6 14. Kf1
O-O-O 15. Rb1 Qa6+ 16. Qe2 Nc4 17. Bc3 Qxa2 18. Rd1 e5 19. Nf3 Be7 20. g3 Nf6
21. Kg2 Nd5 22. Ba1 0-1

[Event "Tromsøsjakken NGP 2024"]
[Site "Sparebanken Nordnorge i Igloen"]
[Date "2024.09.01"]
[Round "4"]
[White "Rølvåg, Mikael"]
[Black "Røyset, Pål N."]
[Result "1/2-1/2"]
[WhiteElo "2097"]
[BlackElo "2063"]
[PlyCount "112"]
[EventDate "2024.??.??"]

1. d4 Nf6 2. Nf3 d5 3. c4 c6 4. e3 g6 5. Nc3 Bg7 6. Bd3 O-O 7. O-O a6 8. Bd2
Bf5 9. Bxf5 gxf5 10. Qb3 Ra7 11. Rfd1 e6 12. Ne2 Ne4 13. Be1 Kh8 14. Rac1 Rg8
15. Nf4 Bh6 16. Nd3 Rg7 17. Nc5 b6 18. Nd3 f6 19. cxd5 cxd5 20. g3 Rab7 21. Rc2
Nd6 22. Nf4 Qe8 23. Rdc1 Bxf4 24. exf4 b5 25. Qd3 h6 26. Bb4 Qd7 27. b3 Kh7 28.
Qe2 Ne4 29. Ne1 Ra7 30. Qh5 a5 31. Bf8 Rg6 32. Rc8 Qf7 33. Ng2 Na6 34. f3 Nd2
35. Kf2 Nb4 36. Bxb4 axb4 37. R8c2 Nc4 38. bxc4 bxc4 39. Nh4 Rg7 40. Qxf7 Rgxf7
41. g4 fxg4 42. fxg4 Rg7 43. h3 Ra3 44. Nf3 Rga7 45. Rb1 Rxa2 46. Rxa2 Rxa2+
47. Ke1 b3 48. Nd2 c3 49. Nxb3 Rh2 50. Rc1 Rxh3 51. Kf2 Rd3 52. Nc5 Rxd4 53.
Nxe6 Re4 54. Rxc3 Rxe6 55. Rc7+ Kg8 56. Rd7 Re4 1/2-1/2

[Event "Tromsøsjakken NGP 2024"]
[Site "Sparebanken Nordnorge i Igloen"]
[Date "2024.09.01"]
[Round "4"]
[White "Entner, Erlend"]
[Black "Rølvåg, Birk A."]
[Result "1/2-1/2"]
[WhiteElo "1742"]
[BlackElo "1955"]
[PlyCount "46"]
[EventDate "2024.??.??"]

1. e4 c5 2. d4 cxd4 3. c3 d3 4. Bxd3 g6 5. Nf3 Bg7 6. c4 d6 7. h3 Nf6 8. Nc3
O-O 9. Be3 Nc6 10. Rc1 b6 11. O-O Bb7 12. Qe2 Rc8 13. Rfd1 Nd7 14. Nd2 Nd4 15.
Qf1 f5 16. f3 fxe4 17. Ndxe4 Nf5 18. Bf2 Ne5 19. Be2 Bh6 20. Rc2 Ne3 21. Bxe3
Bxe3+ 22. Kh1 Bh6 23. Nd5 Qe8 1/2-1/2

[Event "Tromsøsjakken NGP 2024"]
[Site "Sparebanken Nordnorge i Igloen"]
[Date "2024.09.01"]
[Round "5"]
[White "Lund, Gunnar"]
[Black "Vestby-Ellingsen, Mads"]
[Result "1/2-1/2"]
[WhiteElo "2337"]
[BlackElo "2360"]
[PlyCount "35"]
[EventDate "2024.??.??"]

1. d4 f5 2. Nf3 Nf6 3. g3 g6 4. Bg2 Bg7 5. O-O O-O 6. c4 d6 7. Nc3 Nc6 8. d5
Ne5 9. Nxe5 dxe5 10. b3 e4 11. Qc2 e6 12. Bb2 exd5 13. Nxd5 Nxd5 14. Bxg7 Kxg7
15. cxd5 Rf7 16. Rfd1 Qd6 17. Rac1 Kg8 18. Qc5 1/2-1/2

[Event "Tromsøsjakken NGP 2024"]
[Site "Sparebanken Nordnorge i Igloen"]
[Date "2024.09.01"]
[Round "5"]
[White "Schouten, Mathias L."]
[Black "Berg Hanssen, Gunnar"]
[Result "1-0"]
[WhiteElo "2250"]
[BlackElo "2146"]
[PlyCount "49"]
[EventDate "2024.??.??"]

1. e4 e6 2. d4 d5 3. Nd2 c5 4. exd5 Qxd5 5. Ngf3 cxd4 6. Bc4 Qd6 7. O-O Nf6 8.
Nb3 Nc6 9. Nbxd4 Nxd4 10. Nxd4 a6 11. c3 Qc7 12. Bd3 Bd6 13. h3 Bd7 14. Qe2
Bh2+ 15. Kh1 Bf4 16. Re1 Bxc1 17. Raxc1 Bc6 18. Nxc6 Qxc6 19. Qe5 O-O-O 20. Be2
Rd2 21. Bf3 Qc7 22. Qg5 Rxf2 23. Qxg7 Rg8 24. Qxf6 Rgxg2 25. Qh8+ 1-0

[Event "Tromsøsjakken NGP 2024"]
[Site "Sparebanken Nordnorge i Igloen"]
[Date "2024.09.01"]
[Round "5"]
[White "Hammari, Vinjar"]
[Black "Søraas, Torben"]
[Result "1-0"]
[WhiteElo "2119"]
[BlackElo "2151"]
[PlyCount "74"]
[EventDate "2024.??.??"]

1. e4 e6 2. d4 d5 3. Nd2 dxe4 4. Nxe4 Nd7 5. Nf3 Ngf6 6. Nxf6+ Nxf6 7. Bd3 b6
8. Qe2 Bb7 9. Ne5 a6 10. Be3 c5 11. dxc5 Bxc5 12. Bxc5 bxc5 13. O-O-O Qa5 14.
Kb1 Rb8 15. Nc4 Qa4 16. Nd6+ Ke7 17. Bc4 Rhd8 18. Qe5 Qc6 19. Nf5+ Kf8 20. Nxg7
Nd7 21. Nxe6+ Qxe6 22. Qc3 Qg4 23. Rhe1 Ne5 24. Be2 Qg7 25. Qxc5+ Kg8 26. f4
Nd7 27. Qe7 Bc6 28. b3 Re8 29. Qd6 Qc3 30. f5 Nb6 31. Rd3 Qxe1+ 32. Bd1 Qe5 33.
Qxc6 Rec8 34. Qh6 Na4 35. Kc1 Nc3 36. f6 Nxa2+ 37. Kb1 Rxb3+ 1-0

[Event "Tromsøsjakken NGP 2024"]
[Site "Sparebanken Nordnorge i Igloen"]
[Date "2024.09.01"]
[Round "5"]
[White "Valvåg, Torbjørn"]
[Black "Tørfoss, Sivert S."]
[Result "1/2-1/2"]
[WhiteElo "2138"]
[BlackElo "2120"]
[PlyCount "23"]
[EventDate "2024.??.??"]

1. d4 Nf6 2. Bf4 e6 3. Nf3 c5 4. e3 d5 5. Nbd2 Bd6 6. dxc5 Bxc5 7. Bd3 O-O 8.
O-O b6 9. Qe2 Bb7 10. e4 dxe4 11. Nxe4 Nbd7 12. Bg5 1/2-1/2

[Event "Tromsøsjakken NGP 2024"]
[Site "Sparebanken Nordnorge i Igloen"]
[Date "2024.09.01"]
[Round "5"]
[White "Rølvåg, Mikael"]
[Black "Mikalsen, Bengt A."]
[Result "1-0"]
[WhiteElo "2097"]
[BlackElo "1822"]
[PlyCount "81"]
[EventDate "2024.??.??"]

1. d4 d5 2. Nf3 Nf6 3. c4 e6 4. Nc3 Be7 5. Bg5 O-O 6. e3 Nc6 7. Rc1 Re8 8. Bd3
h6 9. Bh4 Nb4 10. Be2 dxc4 11. Bxc4 Nbd5 12. Qc2 Nxc3 13. bxc3 Nd7 14. Bg3 Bd6
15. O-O Qf6 16. Bd3 e5 17. Be4 exd4 18. exd4 Bxg3 19. hxg3 c5 20. Rfe1 Rd8 21.
Re3 Rb8 22. Rce1 Kf8 23. Qe2 cxd4 24. cxd4 Nb6 25. Bc2 Be6 26. Qd3 Nd5 27. Re5
g6 28. Bb3 Nb4 29. Qd2 Nd5 30. Qxh6+ Qg7 31. Qxg7+ Kxg7 32. Ng5 Rd6 33. Nxe6+
fxe6 34. Rxe6 Rbd8 35. Rxd6 Rxd6 36. Re5 Nc3 37. Re7+ Kf6 38. Rf7+ Kg5 39. Rxb7
a5 40. d5 a4 41. Bc4 1-0

[Event "Tromsøsjakken NGP 2024"]
[Site "Sparebanken Nordnorge i Igloen"]
[Date "2024.09.01"]
[Round "5"]
[White "Rølvåg, Birk A."]
[Black "Gulljord, Birk"]
[Result "1/2-1/2"]
[WhiteElo "1955"]
[BlackElo "1844"]
[PlyCount "36"]
[EventDate "2024.??.??"]

1. e4 c6 2. d4 d5 3. exd5 cxd5 4. c4 Nf6 5. Nc3 e6 6. Bd3 dxc4 7. Bxc4 Bb4 8.
Nge2 O-O 9. O-O a6 10. d5 Qc7 11. Bb3 Rd8 12. Bf4 Bd6 13. Bxd6 Rxd6 14. Rc1 Qd8
15. Qc2 exd5 16. Nxd5 Nc6 17. Nxf6+ Qxf6 18. Rcd1 Rxd1 1/2-1/2

[Event "Tromsøsjakken NGP 2024"]
[Site "Sparebanken Nordnorge i Igloen"]
[Date "2024.09.01"]
[Round "5"]
[White "Remman, Frank R."]
[Black "Entner, Erlend"]
[Result "1-0"]
[WhiteElo "1884"]
[BlackElo "1742"]
[PlyCount "99"]
[EventDate "2024.??.??"]

1. d4 Nf6 2. c4 g6 3. Nf3 Bg7 4. g3 O-O 5. Bg2 d6 6. h3 c6 7. Nc3 Qa5 8. O-O
Be6 9. Nd2 Nbd7 10. d5 cxd5 11. Nb3 Qb4 12. cxd5 Bf5 13. a3 Qb6 14. e4 Bxh3 15.
Bxh3 Ne5 16. Be3 Qa6 17. Re1 Nc4 18. Qc1 b5 19. Nd4 Rab8 20. Bf1 Nxe3 21. Qxe3
Ng4 22. Qd2 Ne5 23. Ncxb5 Qb6 24. Kg2 Ng4 25. Nc6 Rb7 26. Rab1 f5 27. exf5 Rxf5
28. f4 Rh5 29. Kf3 Nh2+ 30. Kg2 Nxf1 31. Rxf1 Qxb5 32. Rfd1 Qc4 33. Qd3 Qxd3
34. Rxd3 Rxb2+ 35. Rxb2 Bxb2 36. Nxe7+ Kf7 37. Nc8 Ke8 38. Nxa7 Rf5 39. Nc6 Bf6
40. a4 g5 41. a5 Bd8 42. a6 Bb6 43. Kf3 gxf4 44. gxf4 Kd7 45. Kg4 Rf8 46. Rh3
Rf7 47. a7 Bxa7 48. Nxa7 Kc7 49. Nb5+ Kd7 50. Rh6 1-0

[Event "Tromsøsjakken NGP 2024"]
[Site "Sparebanken Nordnorge i Igloen"]
[Date "2024.09.01"]
[Round "5"]
[White "Rostad, Birk Sæther"]
[Black "Aas, Robert J."]
[Result "1-0"]
[WhiteElo "1950"]
[BlackElo "1863"]
[PlyCount "105"]
[EventDate "2024.??.??"]

1. e4 e5 2. Nf3 Nc6 3. Bb5 a6 4. Ba4 Nf6 5. O-O Nxe4 6. Re1 Nc5 7. Bxc6 dxc6 8.
Nxe5 Be7 9. d4 Ne6 10. c3 O-O 11. Nd2 Nf4 12. Ndf3 Nd5 13. c4 Nf6 14. b3 h6 15.
Qd3 a5 16. Bb2 a4 17. Bc3 Re8 18. Qc2 Be6 19. bxa4 Qc8 20. a5 Bf5 21. Qb2 Ne4
22. Re3 Bf6 23. Be1 Bh7 24. Rb3 Ra7 25. Rc1 c5 26. dxc5 Ng5 27. Bc3 Qf5 28.
Rxb7 Rxb7 29. Qxb7 Ne4 30. Qxc7 Bg5 31. Nxg5 Qxf2+ 32. Kh1 Nxg5 33. Ng4 Qe2 34.
Qg3 Ne4 35. Nxh6+ Kf8 36. Qxg7+ Ke7 37. Qxf7+ Kd8 38. Qd5+ Kc8 39. Qc6+ Kd8 40.
Qa8+ Kc7 41. Qa7+ Kc8 42. Qa6+ Kc7 43. Qb6+ Kc8 44. Qc6+ Kd8 45. Bf6+ Nxf6 46.
Qxf6+ Re7 47. Nf7+ Kc7 48. Qb6+ Kd7 49. c6+ Ke8 50. Nd6+ Kf8 51. c7 Re8 52.
Nxe8 Be4 53. Qf6+ 1-0

[Event "Tromsøsjakken NGP 2024"]
[Site "Sparebanken Nordnorge i Igloen"]
[Date "2024.09.01"]
[Round "5"]
[White "Røyset, Pål N."]
[Black "Halvorsen, Benjamin"]
[Result "1-0"]
[WhiteElo "2063"]
[BlackElo "1939"]
[PlyCount "87"]
[EventDate "2024.??.??"]

1. d4 d5 2. Bf4 c5 3. e3 Nc6 4. c3 cxd4 5. exd4 f6 6. Nf3 g5 7. Bg3 h5 8. h4 g4
9. Ng1 e5 10. Bb5 Bg7 11. Ne2 a6 12. Bxc6+ bxc6 13. Nd2 Ne7 14. b4 O-O 15. Nb3
Ng6 16. Qd2 Rf7 17. Na5 Qe8 18. a3 Bf5 19. O-O Kh7 20. Rfe1 Bd7 21. Qc2 Qc8 22.
Rad1 Bf5 23. Qa2 Be4 24. Nc1 Rf8 25. Ncb3 f5 26. Bxe5 Nxh4 27. Nc5 Bxe5 28.
dxe5 Bxg2 29. f4 Be4 30. Re3 Nf3+ 31. Kf2 h4 32. Nab7 Rg8 33. Nd6 Qc7 34. Ndxe4
fxe4 35. Rxe4 g3+ 36. Kxf3 dxe4+ 37. Nxe4 Raf8 38. Qe6 Rg7 39. Nf6+ Kh8 40. Rh1
Rxf6 41. Rxh4+ Rh7 42. Qe8+ Kg7 43. exf6+ Kxf6 44. Qe5+ 1-0

[Event "Tromsøsjakken NGP 2024"]
[Site "Sparebanken Nordnorge i Igloen"]
[Date "2024.09.01"]
[Round "4"]
[White "Halvorsen, Benjamin"]
[Black "Remman, Frank R."]
[Result "*"]
[WhiteElo "1939"]
[BlackElo "1884"]
[PlyCount "89"]
[EventDate "2024.??.??"]

1. e4 c5 2. Nf3 Nc6 3. Bb5 e6 4. O-O Nge7 5. Re1 a6 6. Bf1 d5 7. exd5 Nxd5 8.
d4 cxd4 9. Nxd4 Be7 10. Nxc6 bxc6 11. a3 O-O 12. c4 Nf6 13. Nc3 Qc7 14. Be2 c5
15. Bf3 Bb7 16. Rb1 Rfd8 17. Qe2 Rab8 18. Be3 h6 19. Red1 Rxd1+ 20. Qxd1 Bc6
21. Qe2 Qb7 22. Bxc6 Qxc6 23. f3 Bd6 24. Qc2 Qc7 25. g3 Qc6 26. Kf2 Be5 27. Ne2
g5 28. h3 Qc7 29. f4 gxf4 30. Bxf4 Bxf4 31. Nxf4 Qe5 32. b3 Qd4+ 33. Kg2 Qe3
34. Qd3 Qe5 35. Rd1 Qb2+ 36. Rd2 Qxa3 37. Qc3 Ne4 38. Qe5 Nxd2 39. Nh5 Kf8 40.
Qxb8+ Ke7 41. Qc7+ Ke8 42. Nf6+ Kf8 43. Qd8+ Kg7 44. Nh5+ Kh7 45. Qf6 *

[Event "Tromsøsjakken NGP 2024"]
[Site "Sparebanken Nordnorge i Igloen"]
[Date "2024.08.31"]
[Round "3"]
[White "Gulljord, Birk"]
[Black "Entner, Erlend"]
[Result "1-0"]
[WhiteElo "1844"]
[BlackElo "1742"]
[PlyCount "172"]
[EventDate "2024.??.??"]

1. d4 Nf6 2. c4 g6 3. Nf3 Bg7 4. g3 O-O 5. Bg2 d6 6. Nc3 c6 7. h3 Qa5 8. O-O
Qb4 9. Nd2 Nbd7 10. e4 e5 11. a3 Qb6 12. d5 a5 13. Rb1 cxd5 14. cxd5 Nc5 15. b4
Nd3 16. Qe2 Nxc1 17. Rfxc1 axb4 18. axb4 Bd7 19. Nc4 Qc7 20. Na5 Bh6 21. Rc2
Rfc8 22. Rbb2 Qb6 23. Bf1 Ne8 24. Nd1 f5 25. Nc4 Qd4 26. Na5 Ba4 27. Rxc8 Rxc8
28. Ne3 b6 29. Nc6 Bxc6 30. dxc6 Qxe4 31. Bg2 Qd4 32. Qc4+ Kf8 33. Qxd4 exd4
34. Nc4 b5 35. Nb6 Rc7 36. Nd7+ Kf7 37. Bd5+ Kg7 38. Re2 Rc8 39. Kf1 Bg5 40.
Nb6 Rb8 41. Rxe8 Rxe8 42. c7 d3 43. c8=Q Rxc8 44. Nxc8 Bd2 45. Nxd6 Bxb4 46.
Nxb5 Kf6 47. Bc4 d2 48. Ke2 Bc5 49. Nc3 g5 50. Nd1 Bb4 51. Bd3 h6 52. Ne3 Ba5
53. Nc4 Bc7 54. Nxd2 f4 55. g4 Ke5 56. Nf3+ Kd5 57. Bf5 Bb6 58. h4 Bd8 59. hxg5
hxg5 60. Kd3 Bb6 61. Be4+ Kd6 62. Nd4 Ke5 63. Nf3+ Kf6 64. Ke2 Ba5 65. Nd2 Bb6
66. f3 Be3 67. Kd3 Ke6 68. Nc4 Bc5 69. Bc6 Be7 70. Ke4 Bc5 71. Bd5+ Kf6 72. Ne5
Bd6 73. Nd7+ Ke7 74. Nb6 Kf6 75. Bg8 Kg7 76. Kf5 Bc7 77. Nd5 Bd8 78. Be6 Kh6
79. Nf6 Kg7 80. Ne4 Kh6 81. Bd7 Be7 82. Be8 Bd8 83. Nd6 Kg7 84. Nf7 Bc7 85.
Nxg5 Bb8 86. Ne6+ Kg8 1-0

[Event "Tromsøsjakken NGP 2024"]
[Site "Sparebanken Nordnorge i Igloen"]
[Date "2024.09.01"]
[Round "4"]
[White "Aas, Robert J."]
[Black "Lund, Gunnar"]
[Result "0-1"]
[WhiteElo "1863"]
[BlackElo "2337"]
[PlyCount "112"]
[EventDate "2024.??.??"]

1. d4 d5 2. c4 e6 3. Nf3 Nf6 4. g3 dxc4 5. Bg2 a6 6. O-O Nc6 7. Nbd2 Nxd4 8.
Nxc4 Nxf3+ 9. Bxf3 Qxd1 10. Rxd1 Be7 11. Bf4 Nd5 12. Bxc7 Nxc7 13. Nb6 Rb8 14.
Rac1 Bd8 15. Rc2 e5 16. Nxc8 Rxc8 17. Rdc1 O-O 18. Bxb7 Rb8 19. Rxc7 Bxc7 20.
Rxc7 f5 21. b3 Rf6 22. Bd5+ Kh8 23. Ra7 h5 24. h4 Rd8 25. Bc4 Rd1+ 26. Kg2 Rd2
27. a4 Rb2 28. f3 Rc6 29. Kf2 g6 30. Ke3 Rf6 31. f4 e4 32. Rb7 Rd6 33. Ra7 Rc2
34. Ra8+ Kg7 35. Ra7+ Kf8 36. Bxa6 Rc3+ 37. Kf2 Rxb3 38. Bb5 Rd1 39. Ra8+ Kg7
40. Ra7+ Kh8 41. Ra8+ Kg7 42. Ra7+ Kf8 43. Ra8+ Ke7 44. Re8+ Kf7 45. Rc8 Ra3
46. Rc7+ Kf8 47. Rc8+ Ke7 48. Re8+ Kf7 49. Re5 Rh1 50. a5 Rh2+ 51. Kg1 Rh3 52.
a6 Raxg3+ 53. Kf2 e3+ 54. Rxe3 Rxe3 55. Kg2 Ra3 56. a7 Rhc3 0-1